000 00309nam a22001457a 4500
008 210310b ||||| |||| 00| 0 eng d
020 _a0070552215
041 _aeng
080 _22nd
_a510
082 _a510
100 _a36
101 _aMAT
245 _aNumerical Analysis
_cScheid, F
942 _2udc
_cBK
999 _c56237
_d56237